000 00626nam a2200217Ii 4500
001 13832
003 CO-ViMGA
008 241108s9999||||xx |||||||||||||| ||und||
020 _a9788466209090
040 _aCO-ViMGA
_bspa
_erda
_cCO-ViMGA
041 0 _aspa
082 0 4 _aCG 736.98 - R61
100 1 _aMaurico Robles
_950479
245 1 0 _aOrigami y papiroflexia:
_bArte con papel
264 1 _aMadrid, EspaƱa : Panamericana, 2007
300 _avolumen
336 _atext
_btxt
_2rdacontent
337 _aunmediated
_bn
_2rdamedia
338 _avolume
_bnc
_2rdacarrier
940 _aidficha_siabuc: 13531. -- ficha_no_siabuc:13832
999 _c45164
_d45164